| 000 | pam a22 a 4500 | ||
|---|---|---|---|
| 999 |
_c4781 _d4781 |
||
| 003 | AKMAL | ||
| 005 | 20181122085040.0 | ||
| 008 | 181121s2018 my ao g 000 0 may d | ||
| 020 |
_a9789830975757 _qpaperback _cRM20.00 |
||
| 082 | 0 | 4 |
_a306.872 PAK _223 |
| 090 | 0 | 0 |
_a306.872 _bPAK |
| 100 | 0 |
_aPak Utih, _d1954- _eauthor. _99127 |
|
| 245 | 1 | 0 |
_aSUAMI HENSEM, ISTERI OHSEM / _cPAK UTIH ; Editor Amir Abd. Hamid |
| 264 | 1 |
_aPetaling Jaya, Selangor : _bGaleri Ilmu Sdn. Bhd., _c2018 |
|
| 300 |
_a228 pages : _bcolour illustrations, colour photographs ; _c22 cm |
||
| 650 | 1 | 0 |
_xConduct of life _9472 |
| 650 | 2 | 0 |
_aMarried people _99124 |
| 700 | 0 |
_aAmir Abd. Hamid, _eeditor. _99128 |
|
| 942 |
_2ddc _cBOOK |
||